Vývoj ceny zlata od zrušenia zlatého štandardu bakalárska práca

Saved in:
Bibliographic Details
Main Author: Povodová, Veronika
Corporate Author: Fakulta hospodárskej informatiky EU. Katedra štatistiky
Other Authors: Pastoreková, Silvia, 1985-
Format: Book
Language:Slovak
Published: Bratislava 2013
Tags: Add Tag
No Tags, Be the first to tag this record!

MARC

LEADER 00000nbm a2200000 4500
001 0173275
005 20161109112151.1
041 0 |a slo 
044 |a SK 
245 1 0 |a Vývoj ceny zlata od zrušenia zlatého štandardu  |b bakalárska práca  |c Veronika Povodová ; školiteľ: Silvia Pastoreková 
264 1 |a Bratislava  |c 2013 
300 |a 43 s. 
100 1 |a Povodová, Veronika 
700 1 |a Pastoreková, Silvia, 1985- 
710 2 |a Fakulta hospodárskej informatiky EU. Katedra štatistiky